| 000 | 00905nam a2200229 a 4500 | ||
|---|---|---|---|
| 001 | 44505 | ||
| 003 | BD-RjUL | ||
| 005 | 20211209053853.0 | ||
| 008 | 160718s1976 bg ||||| |||| 00| 0 ben d | ||
| 020 | _c: Tk. 34.00 | ||
| 035 | _a(BD-RjUL)44623 | ||
| 040 |
_aBD-RjUL _bben _cBD-RjUL |
||
| 041 | _aben | ||
| 082 |
_223 _a658.154 _bDAB 1976 |
||
| 100 | 1 |
_aদাস, নিখিল রঞ্জন _9136591 |
|
| 245 | 1 | 0 |
_aবাজেটীয় নিয়ন্ত্রন ও মান-ব্যয় / _cনিখিল রঞ্জন দাস |
| 260 |
_aঢাকা : _bবাংলা একাডেমী, _c১৯৭৬ |
||
| 300 |
_a৪২০ পৃ. : _bচিত্র ; _c২৪ সেমি. |
||
| 650 |
_aব্যবসা বাজেট _vকস্ট অ্যাকাউন্টিং _9136592 |
||
| 650 |
_aBudget in business _vCost accounting _9136593 |
||
| 942 |
_2ddc _cBK |
||
| 999 |
_c44505 _d44505 |
||